Time Fluminense - Super Mundial - 2025 - Statistics

Estatísticas Gerais
  • Esse quiz foi jogado 119 vezes
  • A pontuação média é 21 de 31
Estatísticas das Respostas
Pos Nome % Correto
GL 1 Fábio
100%
ATA 14 Germán Cano
95%
ZC 3 Thiago Silva
94%
PD 21 Jhon Arias
93%
VOL 8 Martinelli
93%
LD 2 Samuel Xavier
90%
ATA 9 Everaldo
86%
MEI 10 PH Ganso
86%
ZC 22 Freytes
81%
LD 23 Guga
81%
PE 11 Keno
81%
LE 6 Rêne
76%
VOL 35 Hércules
74%
PE 90 Kevin Serna
74%
ZC 4 Ignácio
70%
MEI 45 Lima
68%
VOL 16 Nonato
68%
GL 98 Vitor Eudes
68%
PE 17 Augustín Canobbio
67%
ZC 29 Thiago Santos
67%
VOL 5 Bernal
61%
LE 12 Gabriel Fuentes
60%
ZC 26 Manoel
60%
GL 27 Marcelo Pitaluga
57%
PE 28 Riquelme
51%
PD 77 Paulo Baya
42%
MEI 18 Lezcano
40%
MEI 37 Isaque
36%
PD 25 Lavega
36%
GL 50 Gustavo Ramalho
32%
VOL 55 Wallace Davi
26%
Nenhum quiz correspondente encontrado
Distribuição das Pontuações
Porcentagem de Pessoas com Cada Pontuação
Percentil de Números Respondidos
Sua Pontuação Histórica
Você não jogou esse quiz